Life history of great saints of India / (Record no. 150564)

MARC details
000 -LEADER
fixed length control field 00519nam a22001817a 4500
005 - DATE AND TIME OF LATEST TRANSACTION
control field 20180327143039.0
010 ## - LCCN (DPL NO)
LC control number ENG-122336
020 ## - INTERNATIONAL STANDARD BOOK NUMBER
International Standard Book Number 9788192557120
Terms of availability 675.00
035 ## - SYSTEM CONTROL NUMBER
System control number EN-105868
037 ## - SOURCE OF ACQUISITION
Source of stock number/acquisition DBAD/PUB
082 ## - DEWEY DECIMAL CLASSIFICATION NUMBER
Classification number 230.35
100 ## - MAIN ENTRY--PERSONAL NAME
Personal name Shukla,R.S.
245 ## - TITLE STATEMENT
Title Life history of great saints of India /
Statement of responsibility, etc by R.S.Shukla
260 ## - PUBLICATION, DISTRIBUTION, ETC. (IMPRINT)
Date of publication, distribution, etc 2016
Place of publication, distribution, etc Allahabad
Name of publisher, distributor, etc Anurag Publication
270 ## - ADDRESS
Address 116/70,Lukerganj,
City Allahbad
Postal code 211001
300 ## - PHYSICAL DESCRIPTION
Dimensions 21cm(Hb)
Extent 240p.
942 ## - ADDED ENTRY ELEMENTS (KOHA)
Item type English Books
Source of classification or shelving scheme Dewey Decimal Classification
Call number suffix SHU
Classification part 230.35
Holdings
Withdrawn status Lost status Not for loan Collection code Home library Current library Date acquired Source of acquisition Cost, normal purchase price Full call number Barcode Copy number Cost, replacement price Koha item type
      Non-fiction Shahdara Branch Shahdara Branch 27/03/2018 DBAD/PUB 675.00 230.35 SHU EN-105868 1 675.00 English Books

© Delhi Public Library
Hit Counter
free hit counter